000 00815nam a22001937a 4500
008 150218b xxu||||| |||| 00| 0 eng d
020 _a9966777733
050 _aHD2126.5
_b.O33 2010
100 _aOgada, Maurice Juma.
245 _aProduction risk, and farm technology adoption in rain-fed maize production in semi-arid lands of Kenya /
_cby Maurice Juma Ogada.
260 _aNairobi, Kenya :
_bKenya Institute for Public Policy Research and Analysis,
_c 2010.
300 _av, 30 p. ;
_c25 cm
440 _aKIPPRA discussion paper ;
_vno. 120
500 _aIncludes bibliographical references (p. 27-30).
650 _aAgriculture
_xEconomic aspects
_zEthiopia.
650 _aAgriculture
_xEconomic aspects.
710 _aKenya Institute for Public Policy Research and Analysis.
942 _2lcc
_cBK
999 _c44264
_d44264